Krivky materiálového podielu profilu a drsnosť povrchu : Bakalárska práca

Na minha lista:
Detalhes bibliográficos
Autor principal: Tomaníčková, Martina (Author)
Outros Autores: Lipa, Zdenko, 1944- (xxx)
Formato: Manuscrito Livro
Idioma:eslovaco
Publicado em: Trnava : STU v Bratislave MtF KOM, 2005
Assuntos:
Tags: Adicionar Tag
Sem tags, seja o primeiro a adicionar uma tag!

MARC

LEADER 00000ntm a22000003a 4500
001 stu97876
005 20160719155342.8
008 051121s2005----xo------------------slo-d
040 |a STU  |b slo 
041 0 |a slo 
044 |a xo 
100 1 |a Tomaníčková, Martina  |4 aut 
245 1 |a Krivky materiálového podielu profilu a drsnosť povrchu :  |b Bakalárska práca 
260 |a Trnava :  |b STU v Bratislave MtF KOM,  |c 2005 
300 |a 53 s  |c 1 disketa 
650 7 |a technológie strojárskej výroby  |2 stusub 
650 7 |a štruktúra povrchu  |2 stusub 
700 1 |a Lipa, Zdenko,  |d 1944-  |4 xxx  |u M3000  |U MTF Materiálovotechnologická fakulta  |T MTF Ústav výrobných technológií  |X 319  |U M3000  |Y 83  |7 A000000319 
996 |b 284M063658  |c M*BP-1546  |l MMSKP  |s P  |a 0  |w stu97876_0001